000 00443nam a22001817a 4500
003 MPLRDC
005 20220104144816.0
008 210129b ||||| |||| 00| 0 eng d
082 _a857.7 XMY v.182
100 _a夙云著
245 _a帝王的情妇, 黑情妇传说之一
_c
250 _a初版
260 _a
_b星河出版社
_c1998
300 _b
490 _a寻梦园系列:182
650 _a
942 _cBK
_o857.7 XMY v.182
999 _c50981
_d50971